000 00590nam a2200241Ia 4500
003 OSt
005 20220912151001.0
006 a|||||r|||| 00| 0
007 ta
008 220909b |||||||| |||| 00| 0 eng d
024 _a328
037 _cTextual
040 _aCSL
_beng
_cCSL
041 _aeng
082 _aB2-316, L9
100 _aPopescu Nicolate
245 0 _aTheory of categories
260 _c1979
300 _ax,336p.
_ccm.
700 _a Popescu Liliana
942 _hB2-316, L9
_cTEXL
_2CC
999 _c58942
_d58942